000
00328nam a2200133Ia 4500
008
231129s9999||||xx |||||||||||||| ||spa||
020
_a
84-345-8169-8
040
_b
spa
082
_a
920 o62j
100
_a
Oppermann Hans
245
0
_a
Julio Cesar
264
_a
Salvat
942
_2
ddc
_c
BKS
999
_c
16275
_d
16275